| 000 | 00559nam a2200169 i 4500 | ||
|---|---|---|---|
| 001 | 34056 | ||
| 003 | ES-MaACL | ||
| 005 | 20230906154853.0 | ||
| 007 | t| | ||
| 008 | 030204s1966 sp ||||1| cat d | ||
| 100 | 1 |
_aBoekholt, Albert. _929743 |
|
| 245 | 1 | 0 |
_aMans háabils _b: treballs manuals de fusteria en campaments i coláonies de vacances / _cAlbert Boekholt ; traducció de Antoni Romeu. |
| 260 |
_aBarcelona : _bVilamala, _c[1966] |
||
| 300 |
_a230 p., 13 lám. ; _c18 cm. |
||
| 700 | 1 |
_aRomeu, Antoni. _999457 |
|
| 852 |
_aES-MaACL _jC-31151 _bR.61757 |
||
| 999 |
_c34056 _d34056 |
||